000 01339cam a22004097a 4500
003 CHAP
005 20220817043923.0
008 031209d2001 it abd rn 00110 fre d
010 _a87947
011 _a88919
020 _a9252038183
035 _a99468
040 _cCHAP
082 0 4 _a641
_bF3pf v.29
110 2 _aFAO
245 1 0 _aLa nutrition :
_bdans les pays en développement
_c/par Michael C. Latham
260 _aRome :
_bFAO,
_c2001.
300 _a515 p. :
_bilus. ; gráfs. ; mapas ; tablas ; diagrama
410 2 1 _aFAO
490 0 _aAlimentación y nutrición
_v; 29
590 _aBATCH-UPD
_b10
_c20130110
_lUCH01
_h0109
590 _aBATCH-UPD
_b10
_c20130110
_lUCH01
_h1610
590 _aBATCH-UPD
_b10
_c20130410
_lUCH01
_h1006
590 _aBATCH-UPD
_b10
_c20130914
_lUCH01
_h0203
590 _aCONVERSION
_b10
_c20130109
_lUCH01
_h1349
650 1 4 _aAlimentos
_xAbastecimiento
_xPaises subdesarrollados.
_94136
650 1 4 _aDesnutrición.
_932165
650 1 4 _aNutrición.
_982246
650 1 4 _aPolítica alimentaria
_xPaíses subdesarrollados.
_990413
700 0 _aLatham, Michael C.
_965065
810 0 _aFAO
830 0 0 _aAlimentacion y nutricion
_v; 29
_94112
901 _aBK
905 _aMayto Villalobos S.
942 _cLIBRO
949 _a641 F3pf
_bBC
_cFAO
_d33724000892469
_eFAO1
_fv.29
_h104214
_i99468
_sb
999 _c87947
_d87947